[Event "POL-chT3 Dolnoslaskie 1718"]
[Site "Poland"]
[Date "2017.10.08"]
[Round "1.17"]
[White "Wrobel, Maciej"]
[Black "Kossobudzki, Robert"]
[Result "0-1"]
[WhiteElo "1974"]
[BlackElo "2103"]
[PlyCount "86"]
[EventDate "2017.10.08"]
[EventType "team-tourn"]
[EventRounds "11"]
[EventCountry "POL"]
[SourceTitle "EXT 2019"]
[Source "ChessBase"]
[SourceDate "2018.10.10"]
[SourceVersion "1"]
[SourceVersionDate "2018.10.10"]
[SourceQuality "1"]

1. e4 c5 2. Nf3 a6 3. d4 cxd4 4. Nxd4 Nf6 5. Nc3 e5 6. Nf3 Bb4 7. Bc4 Qc7 8. Bb3 d5 9. 0-0 d4 10. Nd5 Nxd5 11. Bxd5 Bg4 12. c3 Bc5 13. cxd4 Bxd4 14. Qa4+ Nc6 15. Nxd4 exd4 16. Bxc6+ Qxc6 17. Qxd4 0-0 18. f3 Rad8 19. Qf2 Be6 20. Be3 Rd3 21. Rac1 Qd7 22. b3 h6 23. Bf4 Rc8 24. Rxc8+ Qxc8 25. Rc1 Qd7 26. h3 Qb5 27. Kh2 Qh5 28. Qe2 Qb5 29. Rd1 Rxb3 30. Qc2 Rb2 31. Qc3 Rxg2+ 32. Kxg2 Qe2+ 33. Kg3 Qxd1 34. Qb2 Qg1+ 35. Qg2 Qxg2+ 36. Kxg2 Bxa2 37. Bc7 Kf8 38. Kf2 Ke7 39. Ke3 Kd7 40. Ba5 Kc6 41. f4 Kc5 42. Bc3 g6 43. Bg7 h5 0-1

[Event "POL-chT3 Dolnoslaskie 1617"]
[Site "Poland"]
[Date "2017.04.23"]
[Round "10.26"]
[White "Cybulski, Marek"]
[Black "Wrobel, Maciej"]
[Result "0-1"]
[WhiteElo "1653"]
[BlackElo "1996"]
[PlyCount "64"]
[EventDate "2016.10.16"]
[EventType "team-tourn"]
[EventRounds "11"]
[EventCountry "POL"]
[SourceTitle "EXT 2018"]
[Source "ChessBase"]
[SourceDate "2017.10.13"]
[SourceVersion "1"]
[SourceVersionDate "2017.10.13"]
[SourceQuality "1"]

1. e4 e5 2. Nf3 Nc6 3. d4 exd4 4. Nxd4 Nf6 5. Nxc6 bxc6 6. Bg5 h6 7. Bxf6 Qxf6 8. c3 Bc5 9. Qc2 0-0 10. Bd3 d5 11. 0-0 Rb8 12. Nd2 Re8 13. b4 Bd6 14. Nf3 Bg4 15. Nd4 Be5 16. h3 Bd7 17. exd5 cxd5 18. Rad1 Kh8 19. a3 Rb6 20. Be2 Qf4 21. g3 Qf6 22. Kh2 Qh4 23. Nf5 Bxf5 24. Qxf5 Bxg3+ 25. Kg2 Rxe2 26. Rd4 Qe7 27. Kxg3 Rg6+ 28. Kh2 Rf6 29. Qd3 Rfxf2+ 30. Rxf2 Rxf2+ 31. Kg3 Qe1 32. Kg4 Qg1+ 0-1

[Event "POL-chT3 Dolnoslaskie 1516"]
[Site "Poland"]
[Date "2016.01.24"]
[Round "6.12"]
[White "Wrobel, Maciej"]
[Black "Korpalski, Maciej"]
[Result "1-0"]
[WhiteElo "2000"]
[BlackElo "1983"]
[PlyCount "143"]
[EventDate "2015.10.18"]
[EventType "team-tourn"]
[EventRounds "11"]
[EventCountry "POL"]
[SourceTitle "EXT 2018"]
[Source "ChessBase"]
[SourceDate "2017.10.13"]
[SourceVersion "1"]
[SourceVersionDate "2017.10.13"]
[SourceQuality "1"]

1. e4 c5 2. Nf3 d6 3. d4 cxd4 4. Nxd4 Nf6 5. Nc3 a6 6. h3 b5 7. Qf3 Bb7 8. Nd5 Nbd7 9. Nxf6+ Nxf6 10. Bd3 e6 11. 0-0 Be7 12. a4 bxa4 13. Rxa4 0-0 14. Re1 Nd7 15. Qh5 Nc5 16. Ra3 Bf6 17. Nf3 Qb6 18. Be3 Rac8 19. Rb3 Qa5 20. Ra3 Qb4 21. Bxc5 Rxc5 22. Qg4 Qb6 23. Rb3 Qc7 24. Qg3 a5 25. Ra1 Bc6 26. Nd2 a4 27. Rb4 Rg5 28. Qe3 Rb8 29. Rxb8+ Qxb8 30. Ra2 Ra5 31. b3 Qb4 32. Nc4 Ra8 33. Kh2 Rb8 34. f4 axb3 35. cxb3 Qxb3 36. Re2 d5 37. exd5 Bxd5 38. Ne5 Qb7 39. Ng4 Be7 40. Qe5 Qb4 41. Rf2 h6 42. Ne3 Bc6 43. Nc4 Rd8 44. Rb2 Qa4 45. Rb8 Qa2 46. Ne3 Qa7 47. Rxd8+ Bxd8 48. Qc3 Qb7 49. f5 Bc7+ 50. g3 e5 51. f6 g6 52. Ng4 Bh1 53. Qd2 h5 54. Nh6+ Kf8 55. Bc4 Qc6 56. Bxf7 Qxf6 57. Kxh1 g5 58. Bxh5 Qxh6 59. Qf2+ Ke7 60. Qf7+ Kd6 61. Bg4 Bb6 62. Qb7 Kc5 63. Qe7+ Kd4 64. Qb4+ Kd3 65. Bf5+ Ke3 66. Qe4+ Kf2 67. Kh2 Qd6 68. Qc2+ Ke3 69. Qc3+ Ke2 70. Bg4+ Kf1 71. Qc1+ Kf2 72. Qg1# 1-0

[Event "POL-chT U26 rapid"]
[Site "Hucisko"]
[Date "2016.01.16"]
[Round "4.14"]
[White "Wrobel, Maciej"]
[Black "Kumala, Aleksander"]
[Result "0-1"]
[WhiteElo "2027"]
[BlackElo "2169"]
[PlyCount "88"]
[EventDate "2016.01.16"]
[EventType "team-swiss (rapid)"]
[EventRounds "9"]
[EventCountry "POL"]
[SourceTitle "CBM 170 Extra"]
[Source "ChessBase"]
[SourceDate "2016.02.25"]
[SourceVersion "1"]
[SourceVersionDate "2016.02.25"]
[SourceQuality "1"]
[WhiteTeam "Opole PO"]
[BlackTeam "Wroclaw PWr"]
[WhiteTeamCountry "POL"]
[BlackTeamCountry "POL"]

1. e4 d5 2. Nf3 dxe4 3. Ng5 Bf5 4. Bc4 e6 5. d3 exd3 6. Qf3 dxc2 7. Nc3 Nc6 8. Nxf7 Nd4 9. Qxf5 exf5 10. Nxd8 Rxd8 11. 0-0 Kd7 12. Be3 Kc8 13. Bxd4 Rxd4 14. Be6+ Kb8 15. Bxf5 Bc5 16. Bxc2 Rd2 17. Rad1 Rxd1 18. Rxd1 Nf6 19. Ne4 Nxe4 20. Bxe4 c6 21. g3 Kc7 22. Kg2 Re8 23. f3 g6 24. Rd2 Re5 25. h4 a5 26. Kh3 a4 27. Kg4 Be3 28. Re2 Bd4 29. Rd2 c5 30. Kf4 Re6 31. g4 Rb6 32. Rc2 Kd6 33. h5 Ke7 34. hxg6 hxg6 35. Rc4 Rf6+ 36. Kg3 b5 37. Rc2 g5 38. b3 axb3 39. axb3 Rh6 40. Ra2 Rh1 41. Ra7+ Kd6 42. Ra6+ Ke5 43. Rb6 b4 44. Bd5 Kxd5 0-1

[Event "POL-chT2"]
[Site "Poronin"]
[Date "2013.09.12"]
[Round "6.89"]
[White "Janiszewski, Maciej"]
[Black "Wrobel, Maciej"]
[Result "1/2-1/2"]
[WhiteElo "2005"]
[BlackElo "1949"]
[PlyCount "48"]
[EventDate "2013.09.06"]
[EventType "team-swiss"]
[EventRounds "9"]
[EventCountry "POL"]
[SourceTitle "EXT 2015"]
[Source "ChessBase"]
[SourceDate "2014.11.20"]
[SourceVersion "1"]
[SourceVersionDate "2014.11.20"]
[SourceQuality "1"]
[WhiteTeam "Ruda Slaska KS DORS"]
[BlackTeam "Prudnik LKS Zarzewie"]
[WhiteTeamCountry "POL"]
[BlackTeamCountry "POL"]

1. d4 Nf6 2. Nc3 g6 3. Bg5 h6 4. Bxf6 exf6 5. e4 Bg7 6. Bc4 0-0 7. Nf3 d6 8. 0-0 Nc6 9. Re1 Bg4 10. Re3 f5 11. exf5 Bxf5 12. Nd5 a6 13. a4 Be6 14. Qd2 Kh7 15. Rae1 b5 16. Ba2 Rb8 17. axb5 axb5 18. Bb3 Qd7 19. h4 Nd8 20. h5 c6 21. Nf4 Bxb3 22. cxb3 g5 23. Qd3+ Kg8 24. Re7 Qg4 1/2-1/2

[Event "POL-ch Amateur"]
[Site "Wroclaw"]
[Date "2012.06.23"]
[Round "2"]
[White "Zielinski, Andrzej1111"]
[Black "Wrobel, Maciej"]
[Result "0-1"]
[WhiteElo "1901"]
[BlackElo "1902"]
[PlyCount "76"]
[EventDate "2012.06.22"]
[EventType "swiss"]
[EventRounds "7"]
[EventCountry "POL"]
[SourceTitle "EXT 2013"]
[Source "ChessBase"]
[SourceDate "2012.11.22"]
[SourceVersion "1"]
[SourceVersionDate "2012.11.22"]
[SourceQuality "1"]

1. d4 Nf6 2. c4 e5 3. dxe5 Ng4 4. Bf4 Nc6 5. Nf3 Bc5 6. e3 Qe7 7. Be2 Ngxe5 8. Nxe5 Nxe5 9. 0-0 d6 10. Nc3 a5 11. a3 Be6 12. Nd5 Bxd5 13. cxd5 0-0 14. Qc2 Rae8 15. Qc3 Ng6 16. Bg3 Qg5 17. Qc4 Ne7 18. Bf3 Nf5 19. Bf4 Qf6 20. Qc3 Qg6 21. Qd3 Nh4 22. Qxg6 Nxf3+ 23. gxf3 fxg6 24. Kg2 Rf5 25. Rad1 Ref8 26. Bg3 g5 27. f4 gxf4 28. Bxf4 g5 29. Bg3 a4 30. Rd3 Re8 31. Re1 h5 32. h4 gxh4 33. Bxh4 Re4 34. Bg3 h4 35. Bf4 Rfxf4 36. f3 Re7 37. Rb1 Rg7+ 38. Kh2 Rxf3 0-1

[Event "Rewal op-B 16th"]
[Site "Rewal"]
[Date "2011.08.24"]
[Round "5"]
[White "Wrobel, Maciej"]
[Black "Klimek, Piotr"]
[Result "1/2-1/2"]
[WhiteElo "1868"]
[BlackElo "1699"]
[PlyCount "74"]
[EventDate "2011.08.18"]
[EventType "swiss"]
[EventRounds "9"]
[EventCountry "POL"]
[SourceTitle "CBM 144 Extra"]
[Source "ChessBase"]
[SourceDate "2011.10.28"]
[SourceVersion "1"]
[SourceVersionDate "2011.10.28"]
[SourceQuality "1"]

1. e4 e6 2. d4 d5 3. exd5 exd5 4. Bd3 Nc6 5. Nf3 Bg4 6. c3 Bd6 7. b4 a6 8. a4 Qd7 9. 0-0 Nge7 10. Na3 0-0 11. Nc2 Bf5 12. Ne3 Bxd3 13. Qxd3 f5 14. Ba3 f4 15. Nc2 Nf5 16. Rfe1 Rae8 17. b5 axb5 18. axb5 Nce7 19. c4 Bxa3 20. Ne5 Qd6 21. Rxa3 Ng6 22. c5 Qe7 23. Raa1 Qg5 24. Nxg6 Qxg6 25. Nb4 Qg5 26. Re5 Rxe5 27. dxe5 Ne7 28. Nxd5 Qxe5 29. Nxe7+ Qxe7 30. Qd5+ Kh8 31. h3 Rd8 32. Qxb7 Qxc5 33. Ra8 Qf8 34. Ra1 Rb8 35. Qc6 h6 36. Qxc7 Rxb5 37. Rd1 Qf5 1/2-1/2

[Event "POL-ch Amateurs"]
[Site "Wroclaw"]
[Date "2011.07.03"]
[Round "5"]
[White "Wrobel, Maciej"]
[Black "Wasylkiewicz, Andrzej"]
[Result "1-0"]
[WhiteElo "1868"]
[BlackElo "1980"]
[PlyCount "111"]
[EventDate "2011.07.01"]
[EventType "swiss"]
[EventRounds "7"]
[EventCountry "POL"]
[SourceTitle "EXT 2023"]
[Source "ChessBase"]
[SourceDate "2022.10.05"]
[SourceVersion "1"]
[SourceVersionDate "2022.10.05"]
[SourceQuality "1"]

1. e4 d5 2. exd5 Nf6 3. Bb5+ Bd7 4. Bc4 b5 5. Bb3 Bg4 6. Nf3 Nxd5 7. Nc3 Nxc3 8. bxc3 e6 9. h3 Bh5 10. Qe2 c6 11. a4 a6 12. g4 Bg6 13. Ne5 Bd6 14. d4 Bxe5 15. Qxe5 0-0 16. h4 Nd7 17. Qe2 Nf6 18. f3 h5 19. Bg5 Qa5 20. Bd2 Rfe8 21. Kf2 Qb6 22. axb5 cxb5 23. Rhg1 Rac8 24. gxh5 Nxh5 25. Rg5 b4 26. Rag1 bxc3 27. Be3 Qd6 28. Re5 Bf5 29. Rg5 f6 30. Rxh5 g6 31. Rhxf5 gxf5 32. Rxf5 Qh2+ 33. Kf1 Qh1+ 34. Bg1 Kf7 35. Rh5 Qh3+ 36. Ke1 Qg3+ 37. Bf2 Qg6 38. Ra5 Kg7 39. Rxa6 e5 40. Ra7+ Kf8 41. Rf7+ Qxf7 42. Bxf7 Kxf7 43. d5 Ra8 44. Qe4 f5 45. Qxf5+ Kg7 46. Qd7+ Kg6 47. Be3 Rad8 48. h5+ Kf6 49. Qb7 Rd6 50. Bg5+ Kxg5 51. Qg7+ Kf5 52. Qf7+ Kg5 53. Qxe8 Rxd5 54. Qg6+ Kf4 55. Qg4+ Ke3 56. Qe4# 1-0

[Event "POL-ch Amateurs"]
[Site "Wroclaw"]
[Date "2011.07.02"]
[Round "2"]
[White "Kruk, Ireneusz"]
[Black "Wrobel, Maciej"]
[Result "0-1"]
[WhiteElo "1518"]
[BlackElo "1868"]
[PlyCount "52"]
[EventDate "2011.07.01"]
[EventType "swiss"]
[EventRounds "7"]
[EventCountry "POL"]
[SourceTitle "EXT 2023"]
[Source "ChessBase"]
[SourceDate "2022.10.05"]
[SourceVersion "1"]
[SourceVersionDate "2022.10.05"]
[SourceQuality "1"]

1. e4 e5 2. f4 exf4 3. Nf3 d5 4. e5 g5 5. d4 g4 6. Nfd2 Qh4+ 7. Ke2 Bh6 8. Nc3 Nc6 9. Nxd5 Nxd4+ 10. Kd3 Nb5 11. a4 c6 12. Nb4 Bf5+ 13. Kc4 Be6+ 14. Kd3 0-0-0+ 15. Ke2 Nd4+ 16. Kd3 Nb5+ 17. Ke2 f3+ 18. gxf3 gxf3+ 19. Nxf3 Qe4+ 20. Kf2 Rxd1 21. axb5 Qxb4 22. c3 Qc5+ 23. Nd4 Rxd4 24. Bxh6 Rf4+ 25. Ke2 Qf2+ 26. Kd1 Bb3+ 0-1

[Event "Wroclaw op"]
[Site "Wroclaw"]
[Date "2010.09.03"]
[Round "?"]
[White "Wrobel, Maciej"]
[Black "Kanicki, Krzysztof"]
[Result "1-0"]
[WhiteElo "1898"]
[BlackElo "1666"]
[PlyCount "65"]
[EventDate "2010.09.03"]
[EventType "swiss"]
[EventRounds "5"]
[EventCountry "POL"]
[SourceTitle "EXT 2023"]
[Source "ChessBase"]
[SourceDate "2022.10.05"]
[SourceVersion "1"]
[SourceVersionDate "2022.10.05"]
[SourceQuality "1"]

1. e4 c5 2. Nf3 d6 3. d4 cxd4 4. Nxd4 Nf6 5. Nc3 g6 6. Be3 Bg7 7. Be2 0-0 8. 0-0 Nc6 9. Nb3 Ne5 10. h3 Be6 11. Nd4 Nc4 12. Bc1 Rc8 13. Nxe6 fxe6 14. Bxc4 Rxc4 15. Qd3 Qc7 16. Be3 Nd7 17. Nb5 Qc6 18. Nd4 Bxd4 19. Bxd4 e5 20. Be3 Qxe4 21. Bg5 Nf6 22. Qb3 Qc6 23. Rad1 Kh8 24. Bh6 Rc8 25. Rd3 d5 26. Qa3 Qc5 27. b4 Qxb4 28. Qxa7 Rxc2 29. Rb3 Qc5 30. Qxb7 Qc7 31. Qa6 Ng8 32. Rb7 Qd6 33. Qxd6 1-0

[Event "Wroclaw op"]
[Site "Wroclaw"]
[Date "2010.02.09"]
[Round "3"]
[White "Wrobel, Maciej"]
[Black "Gulik, Pawel"]
[Result "0-1"]
[WhiteElo "1879"]
[BlackElo "1935"]
[PlyCount "162"]
[EventDate "2010.02.08"]
[EventType "swiss"]
[EventRounds "9"]
[EventCountry "POL"]
[SourceTitle "CBM 134 Extra"]
[Source "ChessBase"]
[SourceDate "2010.03.03"]
[SourceVersion "1"]
[SourceVersionDate "2010.03.03"]
[SourceQuality "1"]

1. e4 c5 2. Nf3 d6 3. d4 cxd4 4. Nxd4 Nf6 5. Nc3 a6 6. Bg5 e6 7. f4 Be7 8. Qf3 Qc7 9. 0-0-0 Nbd7 10. Bd3 b5 11. Bxb5 axb5 12. Ndxb5 Qc6 13. e5 d5 14. exf6 gxf6 15. Nd4 Qc4 16. Bh4 Rxa2 17. Nxa2 Qxa2 18. Qb3 Qa1+ 19. Kd2 Qa5+ 20. c3 Qc7 21. Bg3 Nc5 22. Qc2 Bd6 23. Rhf1 Ba6 24. Rf3 h5 25. Ra1 Ke7 26. b4 Ne4+ 27. Ke1 Bb7 28. Nb5 Qb6 29. Nxd6 Qg1+ 30. Ke2 Qxg2+ 31. Bf2 Nxd6 32. Ra7 Rc8 33. Qc1 d4 34. Rxb7+ Nxb7 35. c4 d3+ 36. Rxd3 Qe4+ 37. Be3 Rxc4 38. Qa3 Qg2+ 39. Ke1 Qh1+ 40. Ke2 Qxh2+ 41. Ke1 Qh1+ 42. Ke2 Rc2+ 43. Bd2 Qe4+ 44. Kd1 Ra2 45. Qxa2 Qxd3 46. Qa7 Qd5 47. Ke2 h4 48. Qf2 h3 49. Qg3 Qh5+ 50. Qf3 Qb5+ 51. Kf2 Nd6 52. Kg3 Qf5 53. Be3 Ne4+ 54. Kh2 Qd5 55. Qxh3 Qa2+ 56. Qg2 Qc4 57. Qb2 Qb5 58. Kg1 Qd3 59. Qd4 Qxd4 60. Bxd4 Kd6 61. Kg2 e5 62. Bb2 Kd5 63. Kf3 Nd2+ 64. Ke2 Nc4 65. Bc3 Ke4 66. fxe5 fxe5 67. b5 f5 68. Bb4 f4 69. Bc5 Kd5 70. Ba7 e4 71. Kf2 f3 72. Kg3 Nd6 73. b6 Kc6 74. Kf2 Nc4 75. Bb8 Kxb6 76. Bf4 Kc5 77. Bh6 Kd5 78. Bg7 Ke6 79. Bc3 Kf5 80. Bg7 Kg4 81. Bh6 e3+ 0-1